000 00943naa a22002897a 4500
001 BR7905822
003 BR-BrBNA
005 20240918174433.0
007 ta
008 230509b bl.||||| |||| 00| 0 por d
040 _aBR-BrBNA
_bpor
_cBiblioteca Nacional de Agricultura
041 _a(Pt)
072 _aP12
_b/G514
_bGZ35
090 _aP12 BR7905822
100 1 _aVieira, V. de P.P.B.
245 1 _aComo projetar um pequeno acude [Bacia hidrografica; Ceara; Brasil]
_bPt. 1
260 3 _aFortaleza, CE (Brasil):
_c1979.
500 _aRoteiro para projeto de pequenos acudes Fortaleza, CE (Brasil): 1979. p. 7-49 (BR7905822-AM)P12
650 _aIrrigacao
650 _aAcude
650 _aBarragem
650 _aBacia hidrografica
650 _aCeara
773 0 _tRoteiro para projeto de pequenos acudes
_wP12 BR7905822
_gFortaleza, CE (Brasil), 1979. p. 7-49
909 _a202404
_bLucia
_c55
_dLucia Elande
942 _cAM
_2AGRIS
999 _c311249
_d311249